Historia de la lógica formal / (Registro nro. 33927)

Detalles MARC
000 -LEADER
campo de control de longitud fija 00685nam a2200205 i 4500
001 - NÚMERO DE CONTROL
campo de control 33927
003 - IDENTIFICADOR DE NÚMERO DE CONTROL
campo de control ES-MaACL
005 - FECHA Y HORA DE LA ÚLTIMA TRANSACCIÓN
campo de control 20230906154838.0
007 - CAMPO FIJO DE DESCRIPCIÓN FÍSICA--INFORMACIÓN GENERAL
campo de control de longitud fija t|
008 - DATOS DE LONGITUD FIJA--INFORMACIÓN GENERAL
campo de control de longitud fija 030203s1967 sp ||||1| spa d
100 1# - ENTRADA PRINCIPAL--NOMBRE DE PERSONA
Nombre de persona Bochenski, Joseph M.
9 (RLIN) 29672
245 10 - MENCIÓN DEL TÍTULO
Título Historia de la lógica formal /
Mención de responsabilidad, etc. Joseph M. Bochenski ; edición española de Millán Bravo Lozano.
260 ## - PUBLICACIÓN, DISTRIBUCIÓN, ETC.
Lugar de publicación, distribución, etc. Madrid :
Nombre del editor, distribuidor, etc. Gredos,
Fecha de publicación, distribución, etc. [1967]
300 ## - DESCRIPCIÓN FÍSICA
Extensión 595 p., 4 lám. ;
Dimensiones 25 cm.
490 1# - MENCIÓN DE SERIE
Mención de serie Biblioteca hispánica de filosofía ;
Designación de volumen o secuencia 55
700 1# - ENTRADA AGREGADA--NOMBRE PERSONAL
Nombre de persona Bravo Lozano, Millán.
9 (RLIN) 31491
830 0# - PUNTO DE ACCESO ADICIONAL DE SERIE-TÍTULO UNIFORME
Título uniforme Biblioteca hispánica de filosofía ;
Designación de volumen o secuencia 55
9 (RLIN) 181000
852 ## - LOCALIZACIÓN
Ubicación ES-MaACL
Número de control de estantería C-45526
Sublocalización o colección R.67166
Existencias
Estatus retirado Estado de pérdida Estado de daño No para préstamo Biblioteca de origen Biblioteca actual Ubicación en estantería Fecha de adquisición Fuente de adquisición Total de préstamos Signatura topográfica completa Código de barras Visto por última vez Precio de reemplazo Tipo de ítem Koha
        Biblioteca del Ateneo de Madrid Biblioteca del Ateneo de Madrid Depósito 2 17/01/2008     C-45526 1035346 23/02/2023 23/02/2023 Libro impreso